BIBLIOTHÈQUE DE LA MAISON DU MEXIQUE

Logo 1 Logo 2

Poesía indígena de la altiplanicie (Registro nro. 6943)

Detalles MARC
000 -Sello discográfico
campo de control de longitud fija 01058nam a2200289 4500
005 - Identificación de versión
campo de control 20251016083720.0
099 ## - fechas locales
Tipo de ítem Koha LIBRO
100 ## - Datos de procesamiento general
Datos de procesamiento general 20231121d1952 m y1spay5003 ba
105 ## - Campo de datos codificados: Material textual, monográfico
Datos codificados de monografía y 001gy
200 1# - Título y mención de responsabilidad
Título propio Poesía indígena de la altiplanicie
Designación general del material texto impreso
Otra información del título divulgación literaria
Primer mención de responsabilidad Selección, versión, introducción y notas Angel María Garibay K
205 ## - Declaración de edición
Declaración de edición 2a ed
210 ## - Publicación, distribución, etc.
Lugar de publicación, distribución, etc. México
Nombre del editor, distribuidor, etc. Ediciones de la Universidad Nacional Autónoma
Fecha de publicación, distribución, etc. 1952
215 ## - Descripción física
Designación de material específico y extensión del ítem 211 p
Dimensiones 20 cm
345 ## - Nota de información de adquisición
Fuente de adquisición/dirección de la suscripción [OBSOLETO] Donación
410 #1 - Series
Título Biblioteca del Estudiante Universitario
Número de volumen 11
606 ## - Término temático usado como materia
Elemento de entrada Poesía española
Subdivisión temática Traducciones al náhuatl
Número Koha 7825
606 ## - Término temático usado como materia
Elemento de entrada Poesía náhuatl
Subdivisión temática Traducciones al español
Número Koha 3034
660 ## - Código de área geográfica
Código MX
702 ## - Nombre personal - Responsabilidad secundaria
Elemento de entrada Garibay Kintana
Parte del nombre distinta del elemento de entrada Angel María
Fechas 1892-1967
Número Koha 1933
801 #0 - Fuente de origen
País FR
Agencia cm
Reglas de catalogación (convenciones descriptivas) AFNOR
900 ## -
-- 1/22503
900 ## -
-- 7100417642\080104
942 ## - ELEMENTOS DE ENTRADA SECUNDARIOS (KOHA)
Tipo de ítem Koha Libro
996 ## -
-- MEX
-- 751145101
-- MMAG
-- 009094
-- 082.1 B820 V.11
-- 20231121LIV
Existencias
Estatus retirado Estado de daño Estado de pérdida Fecha de adquisición Biblioteca de origen Biblioteca actual Ubicación en estantería Código de barras Precio de reemplazo Signatura topográfica completa No para préstamo Tipo de ítem Koha Nota pública Nota no pública
      05/08/2025 Casa México Paris Casa México Paris   009094 05/08/2025 082.1 B820 V.11   Libro 20231121LIV 751145101